Zákon, ktorý ľudí klame, sa zmení
Štyri roky starý pojem v slovenskom finančnom svete - ročná percentuálna miera nákladov (RPMN). Toto číslo malo byť informáciou pre občanov, aké sú ich celkové náklady spojené s úverom. Malo zohľadniť nielen úrok, ale aj poplatky účtované finančným ústavom. Nezrovnalosti medzi započítanou sadzbou a...
Enregistré dans:
| Auteur principal: | |
|---|---|
| Format: | Chapitre de livre |
| Langue: | slovaque |
| Sujets: | |
| Tags: |
Pas de tags, Soyez le premier à ajouter un tag!
|
MARC
| LEADER | 00000naa$a2200000$$$4500 | ||
|---|---|---|---|
| 001 | 0033324 | ||
| 005 | 20231009081929.5 | ||
| 041 | 0 | |a slo | |
| 044 | |a SK | ||
| 245 | 1 | 0 | |a Zákon, ktorý ľudí klame, sa zmení |c Martina Kláseková |
| 520 | |a Štyri roky starý pojem v slovenskom finančnom svete - ročná percentuálna miera nákladov (RPMN). Toto číslo malo byť informáciou pre občanov, aké sú ich celkové náklady spojené s úverom. Malo zohľadniť nielen úrok, ale aj poplatky účtované finančným ústavom. Nezrovnalosti medzi započítanou sadzbou a skutočnosťou. Nesprávny vzorec na výpočet RPMN. Skresľovanie ceny finančnými ústavmi. Kontrola výpočtu RPMN SOIkou. | ||
| 610 | 2 | 0 | |a úver |
| 610 | 2 | 0 | |a ceny |
| 610 | 2 | 0 | |a náklady |
| 610 | 2 | 0 | |a úrok |
| 610 | 2 | 0 | |a poplatky |
| 610 | 2 | 0 | |a ústavy finančné |
| 610 | 2 | 0 | |a kontrola |
| 610 | 2 | 0 | |a zákony |
| 100 | 1 | |a Kláseková, Martina | |